Statistiques concernant Valorant Maps - 06/22

Cliquez ici pour prendre le quiz!

Statistiques générales

  • Ce quiz a été pris 717 fois
  • Le résultat moyen est 6 sur 7

Statistiques - réponses

Réponse% Correct
3Split
91%
5Ascent
90%
2Bind
90%
4Haven
90%
6Icebox
89%
7Fracture
85%
1Breeze
83%

Distribution des résultats

Percentile par nombre de réponses

% des personnes avec chaque résultat

Votre développement - résultats

Vous n’avez pas pris ce quiz